Documenting The Art Of Traditional Embroidery In:Upper Egypt - Swia Oasis - North Sinai
محفوظ في:
المؤلف الرئيسي:
التنسيق: كتاب
اللغة: Undetermined
منشور في:
Cairo :
The National Council For Wmen,
2010.
الوسوم: إضافة وسم
لا توجد وسوم, كن أول من يضع وسما على هذه التسجيلة!
رقم الطلب: TT117 .M27
| LEADER | 00424nam a2200133Ia 4500 | ||
|---|---|---|---|
| 008 | 240329s9999||||xx |||||||||||||| ||und|| | ||
| 020 | |a 9776051278 | ||
| 050 | 4 | |a TT117 .M27 | |
| 100 | 1 | |a Malak Yassin. | |
| 245 | 1 | 0 | |a Documenting The Art Of Traditional Embroidery In:Upper Egypt - Swia Oasis - North Sinai |c Malak Yassin |
| 264 | 1 | |a Cairo : |b The National Council For Wmen, |c 2010. | |
| 300 | |a 154 |c 20 CM | ||
| 942 | |2 lcc |c BK | ||
| 999 | |c 57617 |d 57617 | ||
